|
|
|
|
| LEADER |
00000cam a22000001i 4500 |
| 001 |
vtls009915919 |
| 003 |
SK-MaSNL |
| 005 |
20260301083032.0 |
| 008 |
210928s1975 xr ak r 000 cze |
| 035 |
|
|
|a (SVKBBclas03)vtls000194936
|
| 040 |
|
|
|a SNK
|b slo
|c SNK
|e AACR2
|
| 041 |
0 |
|
|a cze
|
| 044 |
|
|
|a xr
|c CZ
|
| 080 |
|
|
|a 621.791(082)
|2 1981
|
| 110 |
2 |
|
|a Svařování na externích montážích
|d (3.-4. června 1975 :
|c Pustevny, Česko)
|4 aut
|9 409203
|
| 245 |
0 |
0 |
|a Svařování na externích montážích-Pustevny
|b sborník, 3.-4. června 1975
|
| 260 |
|
|
|a Ostrava
|b Česká vědeckotechnická společnost
|c 1975
|e Ostrava
|f Česká vědeckotechnická společnost
|
| 300 |
|
|
|a 280, [1] s.
|b Obr., tab.
|
| 650 |
0 |
7 |
|a zváranie
|2 SNKPH
|9 1839
|
| 650 |
0 |
7 |
|a externé montáže
|2 SNKPH
|9 409204
|
| 852 |
|
|
|a Štátna vedecká knižnica v Banskej Bystrici
|
| 852 |
|
|
|a Slovenská národná knižnica v Martine
|b 10000
|h SC 38049
|
| 958 |
|
|
|a OND
|
| 999 |
|
|
|c 659596
|d 661526
|
| 952 |
|
|
|a SNK
|b SNK
|y VYP
|7 0
|p 17A1152724
|o snkSC 38049 D1
|i snkKIP 9134/79
|3 Rekatalogizácia
|0 0
|1 0
|4 0
|d 2017-09-08
|l 0
|r 2026-02-23 18:49:54
|w 2026-02-23
|